Theory of machines : (Record no. 13433)
[ view plain ]
| 000 -LEADER | |
|---|---|
| fixed length control field | 00754nam a2200253 a 4500 |
| 001 - CONTROL NUMBER | |
| control field | 13433 |
| 003 - CONTROL NUMBER IDENTIFIER | |
| rucl marc code | BD-RjUL |
| 005 - DATE AND TIME OF LATEST TRANSACTION | |
| control field | 20211208235443.0 |
| 008 - FIXED-LENGTH DATA ELEMENTS--GENERAL INFORMATION | |
| fixed length control field | 170612s1976 enka 001 0 eng d |
| 035 ## - SYSTEM CONTROL NUMBER | |
| System control number | (BD-RjUL)13484 |
| 040 ## - CATALOGING SOURCE | |
| Original cataloging agency | DLC |
| Transcribing agency | NjNC |
| Modifying agency | OCoLC |
| -- | Uk |
| -- | DLC |
| -- | BD-RjUL |
| Language of cataloging | eng |
| 041 ## - LANGUAGE CODE | |
| Language code of text/sound track or separate title | eng |
| 082 ## - DEWEY DECIMAL CLASSIFICATION NUMBER | |
| Edition number | 23 |
| Classification number | 621.8 |
| Author mark and year | BAT 1976 |
| 100 1# - MAIN ENTRY--PERSONAL NAME | |
| Personal name | Bailaney, P. L. |
| 9 (RLIN) | 41884 |
| 245 00 - TITLE STATEMENT | |
| Title | Theory of machines : |
| Remainder of title | [a textbook for engineering students] / |
| Statement of responsibility, etc. | by P. L. Ballaney. |
| 250 ## - EDITION STATEMENT | |
| Edition statement | 9th ed. rev. and enl. |
| 260 ## - PUBLICATION, DISTRIBUTION, ETC. (IMPRINT) | |
| Place of publication, distribution, etc. | Delhi : |
| Name of publisher, distributor, etc. | Khanna Pub, |
| Date of publication, distribution, etc. | 1976. |
| 300 ## - PHYSICAL DESCRIPTION | |
| Pagination | xxv, 1136 p. : |
| Illustrations | ill. ; |
| Size | 23 cm. |
| 500 ## - GENERAL NOTE | |
| General note | Includes index. |
| 650 #0 - SUBJECT ADDED ENTRY--TOPICAL TERM | |
| Topical term or geographic name as entry element | Mechanical engineering |
| 9 (RLIN) | 41886 |
| Topical term or geographic name as entry element | Machinery |
| 9 (RLIN) | 218545 |
| 942 ## - ADDED ENTRY ELEMENTS (KOHA) | |
| Source of classification or shelving scheme | Dewey Decimal Classification |
| Koha item type | Books |
| Lost status | Source of classification or shelving scheme | Damaged status | Not for loan | Collection code | Permanent Location | Current Location | Shelving location | Date acquired | Source of acquisition | Cost, normal purchase price | Total Checkouts | Full call number | Date last seen | Copy number | Koha item type |
|---|---|---|---|---|---|---|---|---|---|---|---|---|---|---|---|
| Dewey Decimal Classification | Non-fiction | Central Library, University of Rajshahi | Central Library, University of Rajshahi | 08/04/1980 | U.P. Bangchi col. | 16.25 | 621.8 BAT 1976 | 01/02/2014 | C-3 | Books | |||||
| Dewey Decimal Classification | Not For Loan | Non-fiction | Central Library, University of Rajshahi | Central Library, University of Rajshahi | Reading Room | 08/04/1980 | U.P. Bangchi col. | 16.25 | 621.8 BAT 1976 | 12/06/2017 | C-1 | Books | |||
| Dewey Decimal Classification | Non-fiction | Central Library, University of Rajshahi | Central Library, University of Rajshahi | 08/04/1980 | U.P. Bangchi col. | 16.25 | 621.8 BAT 1976 | 12/06/2017 | C-2 | Books | |||||
| Dewey Decimal Classification | Non-fiction | Central Library, University of Rajshahi | Central Library, University of Rajshahi | 08/04/1980 | K.P. Bagchi | 16.25 | 621.8 BAT 1976 | 10/12/2018 | C-4 | Books |